ENERGY YEAR BOOK - 1984 (Record no. 576792)

000 -LEADER
fixed length control field 00253nam a22001097a 4500
082 ## - DEWEY DECIMAL CLASSIFICATION NUMBER
Classification number 669 ENE'G
100 ## - MAIN ENTRY--PERSONAL NAME
Personal name GOVT OF PAKISTAN
9 (RLIN) 11105
245 ## - TITLE STATEMENT
Title ENERGY YEAR BOOK - 1984
260 ## - PUBLICATION, DISTRIBUTION, ETC.
Place of publication, distribution, etc. ISLAMABAD
Name of publisher, distributor, etc. GOVT OF PAKISTAN
Date of publication, distribution, etc. 1984
300 ## - PHYSICAL DESCRIPTION
Extent 107P
942 ## - ADDED ENTRY ELEMENTS (KOHA)
Koha item type Book
Holdings
Withdrawn status Lost status Damaged status Not for loan Permanent Location Current Location Shelving location Date acquired Total Checkouts Full call number Barcode Date last seen Price effective from Koha item type
        College of Electrical & Mechanical Engineering (CEME) College of Electrical & Mechanical Engineering (CEME) General Stacks 04/17/2017   669 ENE'G CEME-16685 06/28/2021 06/28/2021 Book
        College of Electrical & Mechanical Engineering (CEME) College of Electrical & Mechanical Engineering (CEME) General Stacks 04/17/2017   669 ENE'G CEME-16686 06/28/2021 06/28/2021 Book
© 2023 Central Library, National University of Sciences and Technology. All Rights Reserved.